Művészet

Elmentve itt :
Bibliográfiai részletek
Szerző: Dorogi Imre
További közreműködők: Völgyessy Ferenc
Barabás Márton
Forgács István
Dokumentumtípus: Cikk
Megjelent: 1943
Sorozat:Délvidéki szemle 2
Kulcsszavak:Képzőművészet - kiállítás
Tárgyszavak:
Online Access:http://acta.bibl.u-szeged.hu/19269
LEADER 00783nab a2200229 i 4500
001 acta19269
005 20251103090735.0
008 161015s1943 hu o 000 hun d
040 |a SZTE Egyetemi Kiadványok Repozitórium  |b hun 
041 |a hun 
100 1 |a Dorogi Imre 
245 1 0 |a Művészet  |h [elektronikus dokumentum] /  |c  Dorogi Imre 
260 |c 1943 
300 |a 188-190 
490 0 |a Délvidéki szemle  |v 2 
650 4 |a Bölcsészettudományok 
650 4 |a Művészetek (művészetek, művészettörténet, előadóművészetek, zene) 
695 |a Képzőművészet - kiállítás 
700 0 1 |a Völgyessy Ferenc 
700 0 1 |a Barabás Márton 
700 0 1 |a Forgács István 
856 4 0 |u http://acta.bibl.u-szeged.hu/19269/1/delvideki_szemle_002_188-190.pdf  |z Dokumentum-elérés